00755nam a2200241Ia 4500008004100000040001800041041000800059245005600067260005900123300001800182500003200200650002000232650002000252650002200272650003100294650002000325700002800345700003700373700004000410700002000450700002000470700002300490130821s cu gr spa  aCo-BoUCMbspa00aspa00aLiteratura cubanacGabriel de la Valdés...[et al] aLa Habana (Cuba)bIbero-Americanac[fecha desconocida] a191 páginas aDonación UCM-C-ARRAYANES. aCuentos cubanos aEnsayos cubanos aLiteratura cubana aLiteratura latinoamericana aPoesía cubana aValdés, Gabriel de la1 aGómez de Avellaneda, Gertrudis1 aHeredia y Campuzano, José María1 aMartí, José1 aMilanés, J.J.1 aPiñeyro, Enrique